| 000 | 00436nam a2200181Ia 4500 | ||
|---|---|---|---|
| 001 | 19262 | ||
| 005 | 20260306171731.0 | ||
| 008 | 260306s9999||||xx |||||||||||||| ||und|| | ||
| 041 | _aESP | ||
| 082 |
_a658.816 _bN16 |
||
| 100 |
_aNagle, Thomas T. _eAUT |
||
| 245 | 0 | _aEstrategía y tácticas de precios | |
| 260 | _c2002 | ||
| 300 |
_axxiv, 430 páginas : _c24 cm. |
||
| 650 | _aGEN | ||
| 654 | _aCAN | ||
| 942 |
_cLIB _dJUS _fJUS _2ddc _n |
||
| 999 |
_c19262 _d19262 |
||